| 000 | 00000nam##2200000za#4500 |
| 001 | 9.573838 |
| 003 | CaOODSP |
| 005 | 20210624183907 |
| 007 | cr ||||||||||| |
| 008 | 150406|1992||||xxc|||||o f|0| 0 eng|d |
| 022 | |a1488-5379 |
| 040 | |aCaOODSP|beng |
| 043 | |an-cn--- |
| 086 | 1 |aFs97-6/1861E-PDF |
| 110 | 1 |aCanada. |bDepartment of Fisheries and Oceans. |bCentral and Arctic Region. |
| 245 | 14|aThe lake sturgeon, Acipenser fulvescens (Chondrostei: Acipenseridae) : |h[electronic resource]|ban annotated bibliography / |cby T.A. Dick and A. Choudhury. |
| 260 | |aWinnipeg - Manitoba : |bFisheries and Oceans Canada. |c1992. |
| 300 | |a75p.|bmaps, tables |
| 490 | 1 |aCanadian technical report of fisheries and aquatic sciences|x1488-5379|vNo. 1861 |
| 500 | |aThe catalogue number (Fs97-6/1861E) and ISSN (0706-6457) for the print edition have been incorrectly copied in this electronic publication. |
| 504 | |aBibliography. |
| 546 | |a(Résumé en français) |
| 590 | |a12-22-Supp|b2012-05-24 |
| 720 | 1 |aChoudhury, A. |
| 720 | 1 |aDick, T. A. |
| 776 | 0#|tThe lake sturgeon, Acipenser fulvescens (Chondrostei: Acipenseridae): an annotated bibliography / |w(CaOODSP)9.610341 |
| 830 | #0|aCanadian technical report of fisheries and aquatic sciences,|x1488-5379|vNo. 1861|w(CaOODSP)9.504449 |
| 856 | 40|ahttp://publications.gc.ca|qPDF|s6.94 MB|uhttps://publications.gc.ca/collections/collection_2012/mpo-dfo/Fs97-6-1861-eng.pdf|yNo. 1861 |